All Pokémon with Justified - Statistics

General Stats
  • This quiz has been taken 6 times
  • The average score is 7 of 9
Answer Stats
(Avail)ability Pokémon % Correct
Only Ability Cobalion
100%
Only Ability Keldeo
83%
Hidden Ability Lucario
83%
Only Ability Terrakion
83%
Only Ability Virizion
83%
Hidden Ability Arcanine
67%
Hidden Ability Absol
50%
Hidden Ability Gallade
50%
Hidden Ability Growlithe
50%
No matching quizzes found
Score Distribution
Percent of People with Each Score
Percentile by Number Answered
Your Score History
You have not taken this quiz